Statistics for Most Populous Cities in Pokémon

Click here to take the quiz!

General Stats

  • This quiz has been taken 18 times
  • The average score is 14 of 22

Answer Stats

PopulationRegionAnswer% Correct
416KalosLumiose City
93%
137UnovaCastelia City
87%
126JohtoGoldenrod City
87%
106HoennLilycove City
87%
148HoennMauville City
87%
50SinnohEterna City
80%
81SinnohHearthome City
80%
239UnovaNimbasa City
80%
68KantoCeladon City
73%
79HoennSlateport City
73%
82SinnohVeilstone City
73%
124SinnohJubilife City
67%
63HoennRustboro City
60%
70UnovaDriftveil City
53%
107AlolaHau'oli City
53%
75SinnohOreburgh City
47%
52JohtoViolet City
47%
68AlolaMalie City
40%
51UnovaStriaton City
40%
50KalosCyllage City
33%
68AlolaHeahea City
33%
54UnovaNacrene City
33%

Score Distribution

Percentile by Number Answered

Percent of People with Each Score

Your Score History

You have not taken this quiz